| 000 | 00617nam a2200229Ia 4500 | ||
|---|---|---|---|
| 003 | OSt | ||
| 005 | 20221007070905.0 | ||
| 006 | a|||||r|||| 00| 0 | ||
| 007 | ta | ||
| 008 | 221006b |||||||| |||| 00| 0 eng d | ||
| 024 | _a24,215 | ||
| 037 | _cTextual | ||
| 040 |
_aFLL _cFLL _beng |
||
| 041 |
_2eng _aeng |
||
| 082 | _aZ2:33, H6 | ||
| 100 | _aGauba K.L. | ||
| 245 | 0 | _aLaw & practice of partnership & private companies in India | |
| 260 |
_aKacheri _bRoad Law Book Co. Lahore _c1946 |
||
| 300 |
_axii,1-899p _ccm. |
||
| 942 |
_hZ2:33, H6 _cTEXL _2CC |
||
| 999 |
_c1141818 _d1141818 |
||